Statistics for Even More Difficult Scrubs Trivia

Click here to take the quiz!

General Stats

  • This quiz has been taken 612 times
  • The average score is 11 of 36

Answer Stats

HintAnswer% Correct
Who has two thumbs and doesn't give a crap?Bob Kelso
93%
What is the name of JD's screenplay?Dr Acula
67%
What item of clothing is Janitor regularly referred to as?Jumpsuit
65%
What does Turk mistake Carla's brother for when they first meet?A Valet
56%
Name one of the things Ted keeps in his briefcaseHappy face/revolver
54%
Who shares a love of this team?Keith
49%
Where did Turk and JD buy Rowdy?Garage Sale
48%
What does JD refer to his intern Jason as?Cabbage
47%
What does the Janitor tell JD his real name is?Glenn Matthews
43%
What band does JD recommend a cover band of for Carla's wedding?Journey
43%
What sitcom character does JD's ex girlfriend Danni date?The Soup Nazi
42%
Complete the quote from Dr Cox: "That's the biggest aneurism I've ever seen. The woman's a ____ ____"time bomb
42%
Who plays Dr Molly Clock?Heather Graham
39%
What type of person does Elliot find repulsive?Gingers
36%
What is the name of the Asian lab technician?Franklin
35%
What is Kim's occupation?Urologist
35%
What is Carla's brother's name?Marco
30%
What does JD do to try to achieve at least one of the things on his "list of things to do before turning 30"?Run a triathalon
30%
Who plays the priest who marries Janitor and Lady in The Bahamas?Scrubs creator Bill Lawrence
29%
What does JD tell Turk is the middle name of Carla?Juanita
27%
Who is Dr Cox's favourite sports team?Detroit Red Wings
24%
What is JD's father's job?Office Supply Salesman
24%
Who supposedly invented the game "Jiggly Ball"?The orderlies
19%
What do Turk and JD test JD's girlfriend Kylie on to see if she is suitable for him?Sitcoms
14%
Complete this quote: Dr Cox: "One thing I am not is..." Dr Kelso: "________"Straight
13%
What disease makes your pee go purple in the sun?Acute Intermittent Porphyria
11%
Complete this quote from the Janitor: "For instance, I enjoy stuffing animals, usually ____ _____ _______"with other animals
11%
What is the first name of the character Colin Farrell plays in Scrubs?Billy
10%
What medical procedure does Elliot learn due to having an epiphany whilst on the toilet on the roof?Intubating
9%
What is the full name of the season 8 intern Sunny?Sonya Day
9%
What is Cole's second name?Aaronson
5%
Complete the line from the same episode as the question above: "So now I'll make him pay, each and every day. Until that ______ ______ ______ ________ is no more"mousse haired little nuisance
4%
From whom did John C. McGinley (Dr Cox) acquire the idea for Dr Cox to touch his nose during his rants?Sting
4%
What medical procedure in the form of treatment with drugs scares Elliot?Thrombolytics
2%
Who wrote the season 9 version of Lazlo Bane's "Superman", the intro music for the show?Waz
2%
Complete this quote by the Janitor: "What are we doing here? Are we _______ ___ ________?"setting her straight
1%

Score Distribution

Percentile by Number Answered

Percent of People with Each Score

Your Score History

You have not taken this quiz